<?xml version="1.0" encoding="UTF-8"?>
<marc:record xmlns:marc="http://www.loc.gov/MARC21/slim">
   <marc:leader>00000nam a2200000 a 4500</marc:leader>
   <marc:datafield ind1="1" ind2=" " tag="100">
      <marc:subfield code="a">Wimmer, Elfriede</marc:subfield>
      <marc:subfield code="4">aut</marc:subfield>
      <marc:subfield code="e">Verfasser/-in</marc:subfield>
   </marc:datafield>
   <marc:datafield ind1="0" ind2="0" tag="245">
      <marc:subfield code="a">Ein Wald für die 4A</marc:subfield>
   </marc:datafield>
   <marc:datafield ind1=" " ind2="1" tag="264">
      <marc:subfield code="b">G &amp; G Kinder- u. Jugendbuch</marc:subfield>
      <marc:subfield code="c">2019</marc:subfield>
   </marc:datafield>
   <marc:datafield ind1="1" ind2=" " tag="520">
      <marc:subfield code="a">Die 4A hat den Ruf, eine Chaosklasse zu sein. Gar nicht so leicht für den neuen Schüler Phil, seinen Platz zu finden. Da gibt es Laute und Leise, Dominante und Schüchterne, ... und viele dazwischen.
Zum Glück hat die Klasse einen engagierten Lehrer: Gabriel Stern. Gemeinsam mit einer Waldpädagogin wird er einen Teil des Unterrichts im Wald abhalten. 
Denn Lehrer Stern will den Kindern zeigen, dass ein Aufenthalt im Wald das Selbstbewusstsein stärkt und ein gewaltfreies Miteinander fördert.</marc:subfield>
   </marc:datafield>
   <marc:datafield ind1=" " ind2=" " tag="020">
      <marc:subfield code="a">9783707422986</marc:subfield>
      <marc:subfield code="9">9783707422986</marc:subfield>
   </marc:datafield>
</marc:record>
